| 000 | 00967cam a2200289 i 4500 | ||
|---|---|---|---|
| 999 |
_c6623 _d6623 |
||
| 001 | 6623 | ||
| 003 | BD-JhCC | ||
| 005 | 20180127134643.0 | ||
| 008 | 801230s1980 ilua b 001 0 eng | ||
| 020 | _a025602345X | ||
| 035 | _a(BD-JhCC) | ||
| 040 |
_aDLC _cDLC _dDLC |
||
| 041 | _aeng | ||
| 050 | 0 | 0 |
_aHD31 _b.S58 1980 |
| 082 | 0 | 0 |
_a658.4/012 _219 _bCHR 1980 |
| 100 | 1 |
_aChristensen, C. Roland _q(Carl Roland), _d1919-1999. |
|
| 245 | 1 | 0 |
_aPolicy formulation and administration : _ba casebook of senior management problems in business / _cC. Roland Christensen, Norman A. Berg, Malcolm S. Salter. |
| 250 | _a8th ed. | ||
| 260 |
_aHomewood, Ill. : _bR. D. Irwin, _c1980. |
||
| 300 |
_axix, 836 p. : _bill. ; _c24 cm. |
||
| 504 | _aIncludes bibliographical references and index. | ||
| 650 | 0 |
_aIndustrial management _xCase studies. |
|
| 700 | 1 | _aBerg, Norman A., | |
| 700 | 1 | _aSalter, Malcolm S., | |
| 942 |
_2ddc _cBK |
||